La responsabilité: aspects nouveaux. Journées Panaméennes
Salvato in:
| Natura: | Libro |
|---|---|
| Pubblicazione: |
Paris, France:
Librairie Générale de Droit et de Jurisprudence (LGDJ),
2003.
|
| Serie: | Travaux de L'Association Henri Capitant
|
| Soggetti: | |
| Tags: |
Aggiungi Tag
Nessun Tag, puoi essere il primo ad aggiungerne!!
|
MARC
| LEADER | 00000nam a22000007a 4500 | ||
|---|---|---|---|
| 003 | CL-VaPUC | ||
| 005 | 20240104161130.0 | ||
| 008 | 231130t2003 ||||| |||| 00| 0 eng d | ||
| 999 | |c 442648 |d 442646 | ||
| 020 | |a 2-275-02286-4 | ||
| 040 | |c Pontificia Universidad Católica de Valparaíso | ||
| 082 | 0 | 4 | |2 21 |a 349.44 RES 2003 |
| 245 | 1 | 3 | |a La responsabilité: aspects nouveaux. |b Journées Panaméennes |
| 260 | |a Paris, France: |b Librairie Générale de Droit et de Jurisprudence (LGDJ), |c 2003. | ||
| 300 | |a 814 páginas. | ||
| 490 | 0 | |a Travaux de L'Association Henri Capitant | |
| 500 | |a c.1 Donación Jorge López Santa María. Memo 48. 24-11-2023 | ||
| 505 | |a Tome L: 1999 | ||
| 583 | |c 20231130 |k Catalogador Asistente | ||
| 650 | 1 | |a Responsabilidad penal |x Congresos |9 886504 | |
| 650 | 1 | |a Responsabilidad médica |x Malapraxis |x Congresos |9 886505 | |
| 650 | 1 | |a Responsabilidad profesional |x Abogados |x Malapraxis |x Congresos |9 886506 | |
| 650 | 1 | |a Transportistas |x Derecho y legislación |x Congresos |9 886507 | |
| 650 | 1 | |a Derecho francés |9 385145 | |
| 942 | |2 ddc |c BK | ||
| 952 | |0 0 |1 0 |2 ddc |4 0 |6 349_440000000000000_RES_2003 |7 0 |8 A |9 592704 |a BIBDER |b BIBDER |d 2023-11-30 |e Donación |h t.L |i 5659704 |o 349.44 RES 2003 |p 5659704 |r 2023-11-30 |t 1 |w 2023-11-30 |y BK |k DER | ||